000 00708cam a2200205 i 4500
005 20260119115238.0
008 250721s2022 jo gr 000 0 ara d
020 _a9789923982624
082 1 4 _a332
_bج ب ر
100 1 _aجبران، عبد الحليم محمد
_eمؤلف.
245 1 0 _aاقتصاديات النقود و المصارف /
_cد. عبدالحليم محمد جبران.
264 3 1 _aالزرقاء :
_bجامعة الزرقاء،
_c2022.
300 _a322صفحة.
650 1 7 _aالبنوك.
650 1 7 _aالنقود.
650 1 7 _aالمؤسسات المالية.
650 1 7 _aالعلوم المصرفية.
942 _2ddc
_cBK
999 _c143708
_d143708